[Event "Abu Dhabi Masters Online"]
[Site "Chess.com INT"]
[Date "2024.08.21"]
[Round "3"]
[White "Novosel, Lovro"]
[Black "Aarav, Dengla"]
[Result "0-1"]
[WhiteElo "2349"]
[BlackElo "2390"]
[PlyCount "68"]
[EventDate "2024.08.21"]
[EventType "swiss (blitz)"]
[EventRounds "11"]
[EventCountry "UAE"]
[SourceTitle "CB35_2024"]
[SourceDate "2024.08.28"]
[SourceVersion "1"]
[SourceVersionDate "2024.08.28"]
[SourceQuality "1"]

1. d4 d5 2. c4 e6 3. Nf3 Nf6 4. g3 Be7 5. Bg2 0-0 6. 0-0 dxc4 7. Qc2 a6 8. a4 b6 9. Ne5 Nd5 10. Rd1 Bb7 11. Qxc4 b5 12. Qb3 b4 13. Nd2 a5 14. Ne4 Na6 15. Bf4 Nxf4 16. gxf4 Bd5 17. Qc2 b3 18. Qc3 Bb4 19. Qd3 f6 20. Nc4 Qe7 21. Rac1 Rac8 22. Qxb3 Rb8 23. Qd3 Rfd8 24. Ne3 Bb7 25. Nxf6+ gxf6 26. Bxb7 Nc5 27. Rxc5 Bxc5 28. Be4 Bxd4 29. Qc4 Rb4 30. Qc6 Rd6 31. Qa8+ Kg7 32. Qxa5 Bxe3 33. Rxd6 Qxd6 34. fxe3 Rxe4 0-1

[Event "Abu Dhabi Masters Online"]
[Site "Chess.com INT"]
[Date "2024.08.21"]
[Round "1"]
[White "Novosel, Lovro"]
[Black "Concio, Michael Jr"]
[Result "0-1"]
[WhiteElo "2349"]
[BlackElo "2373"]
[PlyCount "84"]
[EventDate "2024.08.21"]
[EventType "swiss (blitz)"]
[EventRounds "11"]
[EventCountry "UAE"]
[SourceTitle "CB35_2024"]
[SourceDate "2024.08.28"]
[SourceVersion "1"]
[SourceVersionDate "2024.08.28"]
[SourceQuality "1"]

1. d4 Nf6 2. Nf3 e6 3. c4 Bb4+ 4. Bd2 Bxd2+ 5. Qxd2 0-0 6. Nc3 d5 7. g3 b6 8. cxd5 Nxd5 9. Nxd5 Qxd5 10. Bg2 Bb7 11. Nh4 Qxg2 12. Nxg2 Bxg2 13. Rg1 Bb7 14. Rc1 Na6 15. f3 Rfd8 16. Qf4 Rd7 17. Kf2 Rad8 18. Rgd1 c5 19. e3 Nb4 20. a3 Nd5 21. Qe5 Ne7 22. b4 Nc6 23. Qf4 e5 24. Qf5 exd4 25. e4 cxb4 26. axb4 Nxb4 27. Qb5 Na6 28. Rd2 Nc5 29. Rcd1 d3 30. Ke3 h6 31. Rc1 Ne6 32. Qe5 a5 33. Qb5 Rd6 34. Rc3 Nd4 35. Qb2 Ba6 36. Kf2 a4 37. Qb4 Nb3 38. Rd1 b5 39. Rxb3 axb3 40. Qxb3 d2 41. Ke2 b4+ 42. Ke3 Rd3+ 0-1

[Event "Abu Dhabi Masters Online"]
[Site "Chess.com INT"]
[Date "2024.08.21"]
[Round "4"]
[White "Novosel, Lovro"]
[Black "Rakhmanov, Alexander"]
[Result "0-1"]
[WhiteElo "2349"]
[BlackElo "2596"]
[PlyCount "120"]
[EventDate "2024.08.21"]
[EventType "swiss (blitz)"]
[EventRounds "11"]
[EventCountry "UAE"]
[SourceTitle "CB35_2024"]
[SourceDate "2024.08.28"]
[SourceVersion "1"]
[SourceVersionDate "2024.08.28"]
[SourceQuality "1"]

1. d4 Nf6 2. Nf3 g6 3. c4 d6 4. g3 Bf5 5. Bg2 c6 6. 0-0 Bg7 7. Nc3 Ne4 8. Nb1 0-0 9. Nh4 d5 10. Nxf5 gxf5 11. Qc2 e6 12. Rd1 Nd7 13. Bf4 a6 14. e3 Rc8 15. Qb3 Qb6 16. Nc3 Qxb3 17. axb3 Nb6 18. c5 Nd7 19. b4 f6 20. Nxe4 fxe4 21. Bd6 Rf7 22. Bh3 f5 23. Kf1 e5 24. Ke2 Re8 25. Ra3 h5 26. dxe5 Bxe5 27. Bxe5 Nxe5 28. Bg2 h4 29. b3 Kg7 30. Rg1 Kf6 31. Ra2 Rh8 32. Rd2 Rfh7 33. Rdd1 Ng4 34. Rh1 hxg3 35. hxg3 Rh2 36. Rxh2 Rxh2 37. Kf1 Ne5 38. Kg1 Rh8 39. Rd4 Nf7 40. Kf1 Ng5 41. Ke2 Rh2 42. Kf1 Ne6 43. Rd2 Ke5 44. Rd1 d4 45. exd4+ Nxd4 46. Kg1 Rh7 47. Rb1 Ne2+ 48. Kf1 Nc3 49. Rc1 Nd5 50. Rc4 Rd7 51. Ke2 Nf6 52. Rc2 Rd4 53. Rc4 Nd5 54. Bf1 Nxb4 55. Rc1 Nd5 56. Ra1 Rd3 57. Rb1 Nc3+ 58. Ke1 Nxb1 59. Bxd3 exd3 60. Kd1 Kd4 0-1

[Event "Split op 13th"]
[Site "Split"]
[Date "2024.08.07"]
[Round "6"]
[White "Grgurevic, Benjamin"]
[Black "Novosel, Lovro"]
[Result "0-1"]
[WhiteElo "1843"]
[BlackElo "2349"]
[PlyCount "62"]
[EventDate "2024.08.03"]
[EventType "swiss"]
[EventRounds "10"]
[EventCountry "CRO"]
[SourceTitle "CB33_2024"]
[SourceDate "2024.08.14"]
[SourceVersion "1"]
[SourceVersionDate "2024.08.14"]
[SourceQuality "1"]

1. e4 c5 2. Nf3 d6 3. Bb5+ Nd7 4. 0-0 a6 5. Bxd7+ Bxd7 6. a4 Nf6 7. Re1 e6 8. a5 Be7 9. d3 0-0 10. Nbd2 Bc6 11. b3 Nd7 12. Bb2 Qc7 13. Nf1 Rfe8 14. Ng3 Bf8 15. h4 d5 16. exd5 exd5 17. Rxe8 Rxe8 18. Ng5 h6 19. Nf3 d4 20. Nh2 Nf6 21. Bc1 Nd5 22. Bd2 Ne3 23. Bxe3 dxe3 24. Qg4 exf2+ 25. Kxf2 Qe5 26. Rd1 Re6 27. Nhf1 Rg6 28. Qc4 Rf6+ 29. Kg1 Rf4 30. d4 cxd4 31. Qe2 Qxa5 0-1

[Event "Split op 13th"]
[Site "Split"]
[Date "2024.08.04"]
[Round "2"]
[White "Novosel, Lovro"]
[Black "Munier, Alexis"]
[Result "1-0"]
[WhiteElo "2349"]
[BlackElo "2026"]
[PlyCount "143"]
[EventDate "2024.08.03"]
[EventType "swiss"]
[EventRounds "10"]
[EventCountry "CRO"]
[SourceTitle "CB33_2024"]
[SourceDate "2024.08.14"]
[SourceVersion "1"]
[SourceVersionDate "2024.08.14"]
[SourceQuality "1"]

1. c4 e6 2. d4 d5 3. Nc3 Nf6 4. cxd5 exd5 5. Bg5 c6 6. e3 Be7 7. Bd3 Nbd7 8. Qc2 0-0 9. Nge2 Re8 10. 0-0 Nf8 11. f3 g6 12. Bh4 Ne6 13. Rad1 b5 14. Bf2 Bb7 15. Kh1 Rc8 16. e4 b4 17. Na4 Qa5 18. e5 Nh5 19. Qb3 Nhf4 20. Nxf4 Nxf4 21. Bc2 Ne6 22. Rfe1 c5 23. dxc5 Nxc5 24. Nxc5 Bxc5 25. Bh4 Qb6 26. Bf6 Be7 27. Bxe7 Rxe7 28. Rd2 Rce8 29. f4 f6 30. Be4 fxe5 31. Bxd5+ Kg7 32. Rde2 e4 33. h3 Bxd5 34. Qxd5 Qe6 35. Qxe6 Rxe6 36. Kg1 Kf6 37. Kf2 h5 38. Rd1 h4 39. Ke3 Ra6 40. Rd4 Rxa2 41. Rxb4 Ra6 42. Rxe4 Rxe4+ 43. Kxe4 g5 44. Rd2 Rb6 45. fxg5+ Kxg5 46. Kd5 Rb4 47. Kc5 Rb3 48. Kc4 Rb6 49. b4 a6 50. Rd4 Kh5 51. Kc5 Rb5+ 52. Kc6 Rb8 53. Kc5 Rb5+ 54. Kc4 Rb6 55. Kb3 Rg6 56. Rd2 Kg5 57. Rf2 Rb6 58. Ka4 Re6 59. Ka5 Rd6 60. Rf8 Rg6 61. Rf7 Kh5 62. Rf5+ Kh6 63. Rf4 Kh5 64. Rf8 Kg5 65. Rh8 Rf6 66. Ra8 Kf4 67. Rxa6 Rf5+ 68. b5 Rg5 69. Rf6+ Kg3 70. Rh6 Kxg2 71. Rxh4 Kg3 72. Rg4+ 1-0

[Event "CRO-ch U19"]
[Site "Split"]
[Date "2024.07.25"]
[Round "5"]
[White "Kovac, Petar"]
[Black "Novosel, Lovro"]
[Result "1/2-1/2"]
[WhiteElo "2267"]
[BlackElo "2330"]
[PlyCount "83"]
[EventDate "2024.07.22"]
[EventType "swiss"]
[EventRounds "9"]
[EventCountry "CRO"]
[SourceTitle "CB31_2024"]
[SourceDate "2024.07.31"]
[SourceVersion "1"]
[SourceVersionDate "2024.07.31"]
[SourceQuality "1"]

1. d4 Nf6 2. c4 e6 3. Nc3 Bb4 4. e3 0-0 5. Bd3 d5 6. a3 Bxc3+ 7. bxc3 dxc4 8. Bxc4 c5 9. Ne2 Qc7 10. Bd3 Nc6 11. f4 b6 12. 0-0 Bb7 13. Ng3 Ne7 14. e4 cxd4 15. cxd4 Qc3 16. Ra2 Qxd4+ 17. Kh1 Rfd8 18. Rd2 Qc5 19. Bb2 Ne8 20. Qe2 Rac8 21. Rc1 Qa5 22. Rxc8 Bxc8 23. Rc2 Bb7 24. Bb5 Ng6 25. Qf1 a6 26. Bxe8 Rxe8 27. h3 b5 28. Qc1 Qa4 29. Rc7 Bxe4 30. Qc3 e5 31. Rc8 Rxc8 32. Qxc8+ Nf8 33. Nxe4 Qxe4 34. Bxe5 Qg6 35. Qb8 f5 36. Bd6 Qf6 37. Kh2 h6 38. Be5 Qf7 39. Bd6 g6 40. Qc8 Kg7 41. Bxf8+ Qxf8 42. Qxa6 1/2-1/2

[Event "CRO-ch U19"]
[Site "Split"]
[Date "2024.07.23"]
[Round "2"]
[White "Novosel, Lovro"]
[Black "Drozdjek, Teo"]
[Result "1-0"]
[WhiteElo "2330"]
[BlackElo "1926"]
[PlyCount "83"]
[EventDate "2024.07.22"]
[EventType "swiss"]
[EventRounds "9"]
[EventCountry "CRO"]
[SourceTitle "CB31_2024"]
[SourceDate "2024.07.31"]
[SourceVersion "1"]
[SourceVersionDate "2024.07.31"]
[SourceQuality "1"]

1. d4 Nf6 2. c4 e6 3. g3 c5 4. d5 exd5 5. cxd5 d6 6. Nc3 g6 7. Bg2 Bg7 8. Nf3 0-0 9. 0-0 Re8 10. a4 h6 11. Nd2 Nbd7 12. e4 a6 13. h3 Rb8 14. Nc4 Ne5 15. Na3 g5 16. Rb1 b5 17. axb5 axb5 18. Naxb5 Ba6 19. Qa4 Qb6 20. Nc7 Bxf1 21. Nxe8 Bxg2 22. Nxf6+ Bxf6 23. Kxg2 Nd3 24. Bd2 Qb4 25. Qxb4 Rxb4 26. Kf3 Bd4 27. Ke2 c4 28. Nd1 Rb3 29. Bc3 Bxc3 30. Nxc3 Rxb2+ 31. Rxb2 Nxb2 32. Nb5 c3 33. Nxd6 c2 34. Kd2 Nd3 35. Kxc2 Nxf2 36. h4 Kf8 37. Kc3 Ng4 38. Kd4 Ke7 39. Nf5+ Kf6 40. h5 Ne5 41. Nxh6 Nf3+ 42. Ke3 1-0

[Event "CRO Cup"]
[Site "Mali Losinj"]
[Date "2024.05.11"]
[Round "5.6"]
[White "Novosel, Lovro"]
[Black "Plenkovic, Zdenko"]
[Result "1-0"]
[WhiteElo "2326"]
[BlackElo "2355"]
[PlyCount "91"]
[EventDate "2024.05.08"]
[EventType "team-swiss"]
[EventRounds "6"]
[EventCountry "CRO"]
[SourceTitle "CB20_2024"]
[SourceDate "2024.05.16"]
[SourceVersion "1"]
[SourceVersionDate "2024.05.16"]
[SourceQuality "1"]
[WhiteTeam "Bestovje Sveta Nedjelja"]
[BlackTeam "Bibinje Goran"]
[WhiteTeamCountry "CRO"]
[BlackTeamCountry "CRO"]

1. d4 Nf6 2. Nf3 g6 3. g3 Bg7 4. Bg2 0-0 5. c4 c6 6. 0-0 d5 7. Qb3 Qb6 8. Nc3 Rd8 9. Rd1 Bf5 10. Ne1 Na6 11. Qxb6 axb6 12. cxd5 cxd5 13. Bf4 Ne4 14. Rac1 Nb4 15. a3 Nxc3 16. Rxc3 Nc6 17. e3 b5 18. Rc5 b4 19. axb4 e6 20. b5 Na5 21. h3 Nc4 22. b3 Nb2 23. Rdc1 Nd3 24. Nxd3 Bxd3 25. Bf1 Bxf1 26. Kxf1 h6 27. g4 g5 28. Bh2 Ra3 29. Rc7 b6 30. Rb7 Rxb3 31. Rxb6 e5 32. Bxe5 Bxe5 33. dxe5 Re8 34. Rc7 Rxe5 35. Rb8+ Kg7 36. Rbb7 Kg6 37. Rxf7 Rxb5 38. Rg7+ Kf6 39. Rbf7+ Ke6 40. Kg2 Rb2 41. Re7+ Kf6 42. Rxe5 Kxe5 43. Rg6 d4 44. exd4+ Kxd4 45. Rxh6 Ke4 46. Re6+ 1-0

[Event "CRO Cup"]
[Site "Mali Losinj"]
[Date "2024.05.08"]
[Round "1.14"]
[White "Novosel, Lovro"]
[Black "Troselj, Ivan"]
[Result "1-0"]
[WhiteElo "2326"]
[BlackElo "2100"]
[PlyCount "103"]
[EventDate "2024.05.08"]
[EventType "team-swiss"]
[EventRounds "6"]
[EventCountry "CRO"]
[SourceTitle "CB20_2024"]
[SourceDate "2024.05.16"]
[SourceVersion "1"]
[SourceVersionDate "2024.05.16"]
[SourceQuality "1"]
[WhiteTeam "Bestovje Sveta Nedjelja"]
[BlackTeam "Rijeka Junior"]
[WhiteTeamCountry "CRO"]
[BlackTeamCountry "CRO"]

1. d4 Nf6 2. c4 e6 3. Nc3 d5 4. cxd5 exd5 5. Bg5 c6 6. e3 Be7 7. Bd3 Nbd7 8. Qc2 0-0 9. Nge2 Re8 10. 0-0 Nf8 11. f3 Nh5 12. Bxe7 Qxe7 13. e4 dxe4 14. fxe4 Qg5 15. e5 Ng6 16. Ne4 Qe3+ 17. Kh1 Bg4 18. Nd6 Re7 19. Nf5 Bxf5 20. Bxf5 Rd8 21. Bxg6 hxg6 22. g4 c5 23. gxh5 cxd4 24. Ng3 d3 25. Qg2 Rxe5 26. hxg6 fxg6 27. Qxb7 d2 28. Rad1 Kh7 29. Qf7 Rc8 30. Kg2 Rc2 31. Rf4 g5 32. Re4 Rxe4 33. Qf5+ Kh8 34. Qxe4 Qc5 35. b4 Qc3 36. Qe8+ Kh7 37. Ne4 Qxb4 38. Qh5+ Kg8 39. Nf6+ gxf6 40. Qg6+ Kf8 41. Qxc2 Qg4+ 42. Kf2 Qf4+ 43. Ke2 Qxh2+ 44. Kd3 Qd6+ 45. Kc3 Qe5+ 46. Kxd2 Qd4+ 47. Ke2 Qg4+ 48. Kd3 Qf5+ 49. Kc3 Qe5+ 50. Kb3 a5 51. Qc4 f5 52. Rd7 1-0

[Event "Mitropa Cup"]
[Site "Apolda"]
[Date "2024.02.19"]
[Round "5.20"]
[White "Novosel, Lovro"]
[Black "Svane, Frederik"]
[Result "0-1"]
[WhiteElo "2373"]
[BlackElo "2618"]
[PlyCount "92"]
[EventDate "2024.02.15"]
[EventType "team-tourn"]
[EventRounds "9"]
[EventCountry "GER"]
[SourceTitle "CB09_2024"]
[SourceDate "2024.02.28"]
[SourceVersion "1"]
[SourceVersionDate "2024.02.28"]
[SourceQuality "1"]
[WhiteTeam "Croatia"]
[BlackTeam "Germany"]
[WhiteTeamCountry "CRO"]
[BlackTeamCountry "GER"]

1. d4 Nf6 2. c4 e6 3. g3 Bb4+ 4. Bd2 Be7 5. Bg2 d5 6. Nf3 Nbd7 7. 0-0 c6 8. Qc2 b6 9. b3 0-0 10. Rd1 Ba6 11. a4 Ne4 12. Be1 Rc8 13. e3 f5 14. Nc3 g5 15. Qb2 Qe8 16. cxd5 cxd5 17. Nb5 Bxb5 18. axb5 g4 19. Ne5 Nxe5 20. dxe5 Qxb5 21. Rxa7 Rf7 22. h3 h5 23. Rda1 Qc6 24. b4 gxh3 25. Bxh3 h4 26. gxh4 Rg7+ 27. Kh2 Bxh4 28. Rxg7+ Kxg7 29. Bg2 Qc2 30. Qxc2 Rxc2 31. f3 Bxe1 32. fxe4 Bc3 33. Ra7+ Kg6 34. exd5 Bxe5+ 35. Kg1 exd5 36. Rb7 d4 37. Rxb6+ Kg5 38. Re6 Bf6 39. exd4 Bxd4+ 40. Kh1 Kf4 41. Bc6 Rb2 42. b5 Kg5 43. Re8 f4 44. Rg8+ Kh4 45. Rg2 Rb1+ 46. Kh2 f3 0-1

[Event "Mitropa Cup"]
[Site "Apolda"]
[Date "2024.02.17"]
[Round "3.8"]
[White "Karacsonyi, Gellert"]
[Black "Novosel, Lovro"]
[Result "1-0"]
[WhiteElo "2389"]
[BlackElo "2373"]
[PlyCount "67"]
[EventDate "2024.02.15"]
[EventType "team-tourn"]
[EventRounds "9"]
[EventCountry "GER"]
[SourceTitle "CB09_2024"]
[SourceDate "2024.02.28"]
[SourceVersion "1"]
[SourceVersionDate "2024.02.28"]
[SourceQuality "1"]
[WhiteTeam "Hungary"]
[BlackTeam "Croatia"]
[WhiteTeamCountry "HUN"]
[BlackTeamCountry "CRO"]

1. e4 c5 2. Nf3 d6 3. d4 cxd4 4. Nxd4 Nf6 5. Nc3 a6 6. Bg5 Nbd7 7. Qe2 h6 8. Bh4 g6 9. f4 e5 10. fxe5 dxe5 11. 0-0-0 Qc7 12. Nb3 b5 13. Kb1 Be7 14. Qf3 Bb7 15. a3 Rc8 16. Bd3 0-0 17. Rhf1 Bc6 18. Be1 Nb6 19. h3 Nc4 20. Nd5 Nxd5 21. exd5 Bd7 22. g4 a5 23. Qe2 a4 24. Nc1 Bc5 25. Bxc4 bxc4 26. Bc3 f6 27. Qxc4 Qb6 28. Qe4 Kg7 29. Nd3 Bxa3 30. Nxe5 Bf5 31. Nc4 Qa6 32. gxf5 Rxc4 33. Qd3 Qb5 34. Rf4 1-0

[Event "CRO-ch"]
[Site "Zagreb"]
[Date "2023.12.09"]
[Round "7"]
[White "Novosel, Lovro"]
[Black "Rezan, Sasa"]
[Result "1-0"]
[WhiteElo "2370"]
[BlackElo "2406"]
[PlyCount "89"]
[EventDate "2023.12.05"]
[EventType "tourn"]
[EventRounds "11"]
[EventCountry "CRO"]
[EventCategory "9"]
[SourceTitle "CB51_2023"]
[SourceDate "2023.12.20"]
[SourceVersion "1"]
[SourceVersionDate "2023.12.20"]
[SourceQuality "1"]

1. d4 Nf6 2. Nf3 d5 3. Bf4 c5 4. e3 Nc6 5. Nbd2 e6 6. c3 Bd6 7. Bg3 0-0 8. Bd3 Qe7 9. Ne5 Nd7 10. Nxd7 Qxd7 11. dxc5 Bxc5 12. e4 d4 13. Nb3 Bb6 14. 0-0 dxc3 15. bxc3 Rd8 16. Bb5 a6 17. Ba4 Qe7 18. Qh5 Bd7 19. Rab1 Be8 20. Qg4 Ba7 21. Bxc6 Bxc6 22. Bh4 f6 23. e5 Kh8 24. Na5 Bb5 25. c4 Rd4 26. Qg3 g5 27. Bxg5 fxg5 28. cxb5 Bb6 29. Nb3 Rd5 30. bxa6 Rxa6 31. Nc1 Bd4 32. Nd3 Ra3 33. Rb3 Rxa2 34. Nb4 Bxf2+ 35. Rxf2 Rd1+ 36. Rf1 Qc5+ 37. Qe3 Rxf1+ 38. Kxf1 Qc4+ 39. Rd3 Ra1+ 40. Kf2 Qh4+ 41. Qg3 Qh5 42. Nc2 Ra2 43. Rd2 Qg6 44. Qb3 Ra5 45. Qxb7 1-0

[Event "CRO-ch"]
[Site "Zagreb"]
[Date "2023.12.08"]
[Round "5"]
[White "Novosel, Lovro"]
[Black "Rogic, Davor"]
[Result "1-0"]
[WhiteElo "2370"]
[BlackElo "2431"]
[PlyCount "79"]
[EventDate "2023.12.05"]
[EventType "tourn"]
[EventRounds "11"]
[EventCountry "CRO"]
[EventCategory "9"]
[SourceTitle "CB51_2023"]
[SourceDate "2023.12.20"]
[SourceVersion "1"]
[SourceVersionDate "2023.12.20"]
[SourceQuality "1"]

1. d4 d5 2. c4 e6 3. Nf3 Nf6 4. g3 Bb4+ 5. Bd2 Be7 6. Bg2 c6 7. 0-0 Nbd7 8. Qc2 b6 9. b3 Bb7 10. Nc3 c5 11. cxd5 Nxd5 12. Rfd1 Rc8 13. Qb2 0-0 14. Rac1 N7f6 15. Be1 Qe8 16. dxc5 Rxc5 17. b4 Rc8 18. b5 Bc5 19. Qb3 Qe7 20. Ne5 Qc7 21. Nxd5 Bxd5 22. Bxd5 Nxd5 23. Nd3 Qb7 24. Nxc5 bxc5 25. Rc2 a6 26. a4 axb5 27. Qxb5 Qa8 28. Rdc1 h5 29. a5 h4 30. Rxc5 Rb8 31. Qc6 hxg3 32. hxg3 Qa7 33. e4 Nb4 34. Bxb4 Rxb4 35. Ra1 Rfb8 36. Kg2 Rb2 37. a6 Rd8 38. Qc7 Qa8 39. Rc6 Rbb8 40. a7 1-0

[Event "CRO-ch"]
[Site "Zagreb"]
[Date "2023.12.06"]
[Round "3"]
[White "Martinovic, Sasa"]
[Black "Novosel, Lovro"]
[Result "1-0"]
[WhiteElo "2556"]
[BlackElo "2370"]
[PlyCount "101"]
[EventDate "2023.12.05"]
[EventType "tourn"]
[EventRounds "11"]
[EventCountry "CRO"]
[EventCategory "9"]
[SourceTitle "CB51_2023"]
[SourceDate "2023.12.20"]
[SourceVersion "1"]
[SourceVersionDate "2023.12.20"]
[SourceQuality "1"]

1. d4 d5 2. c4 e6 3. Nc3 Nf6 4. cxd5 exd5 5. Bg5 Be7 6. e3 0-0 7. Bd3 c6 8. Nge2 Nbd7 9. Qc2 Re8 10. 0-0 Nf8 11. f3 g6 12. a4 Ne6 13. Bh4 a5 14. Rad1 Qb6 15. Kh1 Nh5 16. Bf2 Bd7 17. g4 Nhg7 18. h4 Nc7 19. h5 Na6 20. Qd2 Nb4 21. Bb1 Qd8 22. Kg2 Ne6 23. Rh1 Bf6 24. Rh2 Nf8 25. hxg6 fxg6 26. Na2 Nxa2 27. Bxa2 Be6 28. Rdh1 Qe7 29. Nf4 Bf7 30. Nd3 b6 31. Rc1 Rac8 32. b4 axb4 33. Qxb4 Qa7 34. Rhh1 Nd7 35. Rc2 c5 36. Qb5 c4 37. Nb4 Qb7 38. a5 Re7 39. Rb1 Bg5 40. e4 Bf6 41. a6 Qa8 42. Nxd5 Bxd5 43. Qxd5+ Qxd5 44. exd5 Kg7 45. Rxc4 Ra8 46. Rc7 Nb8 47. d6 Rxc7 48. dxc7 Nxa6 49. Bd5 Re8 50. Rc1 Rc8 51. Bg3 1-0

[Event "Wch U18"]
[Site "Montesilvano"]
[Date "2023.11.20"]
[Round "7"]
[White "Arun, Kataria"]
[Black "Novosel, Lovro"]
[Result "0-1"]
[WhiteElo "2034"]
[BlackElo "2375"]
[PlyCount "72"]
[EventDate "2023.11.13"]
[EventType "swiss"]
[EventRounds "11"]
[EventCountry "ITA"]
[SourceTitle "CB48_2023"]
[SourceDate "2023.11.29"]
[SourceVersion "1"]
[SourceVersionDate "2023.11.29"]
[SourceQuality "1"]

1. e4 c5 2. Nf3 d6 3. d4 cxd4 4. Nxd4 Nf6 5. Nc3 a6 6. Bg5 Nbd7 7. Bc4 Qb6 8. Bb3 e6 9. Bxf6 Nxf6 10. Qd2 Be7 11. 0-0-0 0-0 12. f4 Nd7 13. g4 Nc5 14. g5 Bd7 15. Kb1 Qd8 16. Rhg1 b5 17. Qe3 b4 18. Nce2 Nxb3 19. cxb3 Re8 20. Qg3 Bf8 21. Qh4 Qc7 22. Ng3 g6 23. Nc2 a5 24. Ne3 a4 25. Ng4 Bg7 26. bxa4 Rxa4 27. Nf6+ Bxf6 28. gxf6 Rxa2 29. Rc1 Ra1+ 30. Kxa1 Qa7+ 31. Kb1 b3 32. Rc4 Qxg1+ 33. Rc1 Qe3 34. Rc3 Qe1+ 35. Rc1 Qd2 36. Rc3 Qd1+ 0-1

[Event "CRO-chT1A 31st"]
[Site "Veli Losinj"]
[Date "2023.10.14"]
[Round "4.4"]
[White "Galic, Ivan"]
[Black "Novosel, Lovro"]
[Result "1-0"]
[WhiteElo "2421"]
[BlackElo "2389"]
[PlyCount "97"]
[EventDate "2023.10.11"]
[EventType "team-tourn"]
[EventRounds "7"]
[EventCountry "CRO"]
[SourceTitle "Mega2024 Update 01"]
[Source "Chessbase"]
[SourceDate "2023.11.12"]
[SourceVersion "1"]
[SourceVersionDate "2023.11.12"]
[SourceQuality "1"]
[WhiteTeam "Sesvete Agroproteinka"]
[BlackTeam "Sveta Nedelja"]
[WhiteTeamCountry "CRO"]
[BlackTeamCountry "CRO"]

1. e4 c5 2. Nf3 d6 3. d4 cxd4 4. Nxd4 Nf6 5. Nc3 a6 6. Be3 e5 7. Nf3 Qc7 8. a4 b6 9. Nd5 Nxd5 10. Qxd5 Bb7 11. Qb3 Bxe4 12. Bc4 Qb7 13. 0-0-0 b5 14. Bxf7+ Qxf7 15. Qxf7+ Kxf7 16. Ng5+ Ke7 17. Nxe4 Ke6 18. Ng5+ Ke7 19. Rd5 Nc6 20. Rhd1 Rd8 21. axb5 Nb4 22. Rxd6 Rxd6 23. Bc5 Kd7 24. Bxd6 Bxd6 25. c3 Ke7 26. Ne4 Bc7 27. cxb4 axb5 28. Rd5 Rb8 29. Nc3 Bd6 30. Rxb5 Rc8 31. Rb7+ Ke6 32. Rxg7 Bxb4 33. Rxh7 Rf8 34. Rh6+ Kf5 35. f3 Bc5 36. Kc2 Be3 37. Rh5+ Ke6 38. Rh4 Rg8 39. Rg4 Rd8 40. Ne4 Bd4 41. b4 Rc8+ 42. Kb3 Rc1 43. Ka4 Kd5 44. Rg6 Rc8 45. Kb3 Rd8 46. h3 Ba7 47. Kc3 Bd4+ 48. Kd3 Bb2 49. h4 1-0

[Event "Titled Tuesday intern op 22nd Aug Late"]
[Site "Chess.com INT"]
[Date "2023.08.22"]
[Round "1"]
[White "Novosel, Lovro"]
[Black "Chigaev, Maksim"]
[Result "0-1"]
[WhiteElo "2383"]
[BlackElo "2616"]
[PlyCount "102"]
[EventDate "2023.08.22"]
[EventType "swiss (blitz)"]
[EventRounds "11"]
[EventCountry "USA"]
[SourceTitle "EXT 2024"]
[Source "ChessBase"]
[SourceDate "2023.10.10"]
[SourceVersion "1"]
[SourceVersionDate "2023.10.10"]
[SourceQuality "1"]

1. d4 Nf6 2. c4 g6 3. Nf3 Bg7 4. g3 0-0 5. Bg2 d6 6. 0-0 c5 7. Nc3 Nc6 8. d5 Na5 9. Nd2 a6 10. Qc2 b5 11. b3 b4 12. Nd1 Bf5 13. e4 Nxe4 14. Bxe4 Bxe4 15. Nxe4 Bxa1 16. Bh6 Bg7 17. Bxg7 Kxg7 18. Qb2+ Kg8 19. Ne3 Qd7 20. f4 f5 21. Ng5 Nb7 22. g4 Nd8 23. gxf5 Rxf5 24. Nxf5 Qxf5 25. Qe2 Ra7 26. Qe4 Qxe4 27. Nxe4 Nf7 28. f5 gxf5 29. Rxf5 a5 30. Rf3 a4 31. Ng3 Ne5 32. Re3 Kf7 33. Kg2 axb3 34. axb3 Ra2+ 35. Kh3 Ra3 36. Nf1 e6 37. dxe6+ Kxe6 38. Kg3 Kf5 39. Nd2 Ra8 40. Ne4 Rg8+ 41. Kh3 Kf4 42. Re1 Nf3 43. Nf6 Nxe1 44. Nxg8 Nf3 45. Nf6 Nd4 46. Nxh7 Nxb3 47. Nf6 Nd2 48. Nd5+ Kf3 49. Kh4 Ne4 50. Kh5 b3 51. h4 b2 0-1

[Event "Split op 12th"]
[Site "Split"]
[Date "2023.08.08"]
[Round "5"]
[White "Strand, Vetle Bjorge"]
[Black "Novosel, Lovro"]
[Result "0-1"]
[WhiteElo "2120"]
[BlackElo "2383"]
[PlyCount "102"]
[EventDate "2023.08.05"]
[EventType "swiss"]
[EventRounds "9"]
[EventCountry "CRO"]
[SourceTitle "CBM 215 Extra"]
[Source "ChessBase"]
[SourceDate "2023.09.30"]
[SourceVersion "1"]
[SourceVersionDate "2023.09.30"]
[SourceQuality "1"]

1. e4 c5 2. Nf3 d6 3. Bb5+ Nd7 4. Ba4 Ngf6 5. 0-0 e6 6. Qe2 Be7 7. c4 0-0 8. d4 cxd4 9. Nxd4 a6 10. Bc2 Qc7 11. b3 b6 12. Bb2 Bb7 13. Nc3 Rac8 14. Rae1 Rfd8 15. Kh1 Qc5 16. Bb1 Bf8 17. Na4 Qc7 18. Nc3 Qb8 19. f4 Nc5 20. f5 e5 21. Nf3 Bc6 22. b4 Na4 23. Nxa4 Bxa4 24. b5 axb5 25. cxb5 Rc5 26. Bd3 Rdc8 27. Ba3 Rc3 28. Bb4 R3c7 29. Nd2 Bc2 30. Nb1 Bxd3 31. Qxd3 Rc4 32. a3 Qc7 33. Nd2 Rd4 34. Qf3 Qc2 35. Re2 Qd3 36. Qxd3 Rxd3 37. g3 Rc2 38. Rfe1 d5 39. Bxf8 Kxf8 40. Nf1 Rxe2 41. Rxe2 Nxe4 42. Ra2 Nc3 43. Rb2 Ke7 44. Kg2 Kd6 45. Nd2 e4 46. Nb3 Ke5 47. g4 Nd1 48. Rb1 Ne3+ 49. Kg1 Nc4 50. a4 e3 51. Kf1 Rxb3 0-1

[Event "Titled Tuesday intern op 25th Jul Late"]
[Site "Chess.com INT"]
[Date "2023.07.25"]
[Round "2"]
[White "Novosel, Lovro"]
[Black "Fiorito, Joaquin"]
[Result "0-1"]
[WhiteElo "2398"]
[BlackElo "2409"]
[PlyCount "72"]
[EventDate "2023.07.25"]
[EventType "swiss (blitz)"]
[EventRounds "11"]
[EventCountry "USA"]
[SourceTitle "EXT 2024"]
[Source "ChessBase"]
[SourceDate "2023.10.10"]
[SourceVersion "1"]
[SourceVersionDate "2023.10.10"]
[SourceQuality "1"]

1. d4 Nf6 2. c4 e6 3. Nf3 d5 4. g3 Bb4+ 5. Bd2 a5 6. Bg2 0-0 7. 0-0 dxc4 8. Qc2 Bxd2 9. Qxd2 b5 10. a4 c6 11. Ne5 Ra6 12. Na3 Nfd7 13. Nxc6 Rxc6 14. Bxc6 Nxc6 15. axb5 Na7 16. Nxc4 Nxb5 17. Rxa5 Nc7 18. b4 Nf6 19. Rb1 Bb7 20. Ne3 Ncd5 21. Nxd5 Nxd5 22. b5 Qb6 23. e3 Nf6 24. Qb4 h5 25. Rba1 Bf3 26. Qc5 Qb7 27. b6 Qe4 28. Qe5 Qc2 29. R5a2 Qb3 30. Qc5 Rb8 31. Ra6 Ne4 32. Qc7 Rf8 33. b7 Ng5 34. Ra8 Nh3+ 35. Kf1 Qd3+ 36. Ke1 Qe2# 0-1